|
|
|
|
| LEADER |
00000nam0a2200000 4500 |
| 001 |
362786 |
| 005 |
20231102011526.0 |
| 035 |
|
|
|a (RuTPU)RU\TPU\retro\20132
|
| 035 |
|
|
|a RU\TPU\retro\20118
|
| 090 |
|
|
|a 362786
|
| 100 |
|
|
|a 20210826d1934 k y0rusy50 ca
|
| 101 |
0 |
|
|a rus
|
| 102 |
|
|
|a RU
|
| 105 |
|
|
|a a z 001zy
|
| 200 |
1 |
|
|a Материалы к познанию фауны юрских фораминифер промысла Макат Эмбанефти
|f В. П. Казанцев
|g Нефтяной геологоразведочный институт
|
| 210 |
|
|
|a Москва
|a Ленинград
|c Государственное научно-техническое горно-геолого-нефтяное издательство
|d 1934
|
| 215 |
|
|
|a 32 с.
|c ил.
|
| 225 |
1 |
|
|a Труды нефтяного геолого-разведочного института
|
| 225 |
1 |
|
|a Серия А
|v Вып. 49
|
| 320 |
|
|
|9 572
|a Библиогр.: с. 26-27
|
| 606 |
1 |
|
|a Фораминиферы ископаемые
|2 stltpush
|3 (RuTPU)RU\TPU\subj\64078
|9 81005
|
| 610 |
1 |
|
|a юрские растения
|
| 610 |
1 |
|
|a фауна
|
| 610 |
1 |
|
|a таблицы
|
| 610 |
1 |
|
|a образцы
|
| 610 |
1 |
|
|a формы
|
| 610 |
1 |
|
|a описание
|
| 610 |
1 |
|
|a Макат
|
| 610 |
1 |
|
|a Казахстан
|
| 675 |
|
|
|a 563.12
|v 4
|
| 700 |
|
1 |
|a Казанцев
|b В. П.
|
| 712 |
0 |
2 |
|a Нефтяной геологоразведочный институт
|c (Ленинград)
|c (1929-1945)
|2 stltpush
|3 (RuTPU)RU\TPU\col\23516
|9 28332
|
| 801 |
|
1 |
|a RU
|b 63413507
|c 20210820
|
| 801 |
|
2 |
|a RU
|b 63413507
|c 20210826
|g RCR
|
| 942 |
|
|
|c BK
|